| 000 | 00783nam a2200217Ia 4500 | ||
|---|---|---|---|
| 005 | 20241129111240.0 | ||
| 008 | 241129s9999||||xx |||||||||||||| ||und|| | ||
| 020 | _a978-93-5112-232-6 | ||
| 037 | _aTB | ||
| 040 |
_aCRL _bpun _cCRL |
||
| 041 |
_apun _2pun |
||
| 084 |
_aO153,2N18:g Q7 _qCRL |
||
| 100 | _aਸਿੰਘ, ਸੰਦੀਪ, ਚ। | ||
| 245 | 0 |
_aਬਲਵੰਤ ਗਾਰਗੀ ਦੇ ਨਾਟਕਾਂ ਦਾ ਰੰਗਸੰਚੀ ਪਰਿਪੇਖ _cਸਿੰਘ, ਸੰਦੀਪ, ਚ। |
|
| 260 |
_aਲੁਧਿਆਨਾ, ਭਾਰਤ _bਚੇਤਨਾ ਪ੍ਰਕਾਸ਼ਨ _c2017 |
||
| 300 | _a300ਪ੍ਰ0 | ||
| 365 |
_aINR _b425 |
||
| 650 |
_aPunjabi LiteratureDrama _9726332 |
||
| 942 |
_cTB _hO153,2N18:g Q7 |
||
| 999 |
_c1229575 _d1229575 |
||